Normal view
MARC view
Entry Término temático
001 - NÚMERO DE CONTROL
- campo de control: 29532
003 - IDENTIFICADOR DEL NÚMERO DE CONTROL
- campo de control: FranzMayer
005 - FECHA Y HORA DE LA ÚLTIMA TRANSACCIÓN
- campo de control: 20230904105844.0
008 - DATOS DE LONGITUD FIJA
- campo de control de longitud fija: 230904|| aca||aabn | a|a d
040 ## - FUENTE DE LA CATALOGACIÓN
- Centro catalogador/agencia de origen: FranzMayer
- Centro/agencia transcriptor: FranzMayer
150 ## - ENCABEZAMIENTO--TÉRMINO DE MATERIA
- Término de materia o nombre geográfico como elemento de entrada: Museos, galerías
- Subdivisión de forma: Exposiciones
670 ## - FUENTE DE DATOS ENCONTRADOS
- Cita de la fuente: Work cat.: (FranzMayer)11021: Responsable Centro Di 29531, Las colecciones del Palacio Barberini en Roma, del Renacimiento al siglo XIX. Vidrios mayólicas, cofrecitos, trajes., 2005